000 00636nam a22002057a 4500
005 20170124110053.0
010 _a712676
020 _c00.00
035 _a712676
037 _bCen Lib/Ret
082 _a658.30954
_bDYN
245 _aDynamics of personel management in india /
_cedited by R.D. Agarwal
260 _aNew Delhi
_bTata McGraw-Hill Publishing Company
_c1973
270 _bNew Delhi
300 _axv, 323p.
_c20cm(Hb)
650 _aPersonel management
_925806
650 _aAdministrative and management problems
_925807
700 _aAgarwal, R.D.
_917245
942 _2ddc
_cEN
_h658.30954
_mDYN
999 _c129238
_d129238